000 01049nam a22003377a 4500
001 000021331
003 CHAP
005 20220329134425.0
008 971013s r 00010 d
010 _a20289
011 _a21261
035 _a25350
040 _cCHAP
090 _aFolleto 8455
100 0 0 _aArbiza Aguirre, Santos Ignacio.
_96556
245 1 0 _aOvinos; lana, subproductos y sustitutos.
260 _a(Chapingo, Méx.) :
_bUACH. Departamento de Zootecnia,
_c(s.a.).
300 _a16 h. :
_b; apénd.
590 _aBATCH-UPD
_b10
_c20130110
_lUCH01
_h0037
590 _aBATCH-UPD
_b10
_c20130110
_lUCH01
_h1127
590 _aCONVERSION
_b10
_c20130109
_lUCH01
_h1312
590 _aE5995AHE
_b05
_c20150210
_lUCH01
_h0839
650 1 4 _aGanado lanar.
_945150
650 1 4 _aLana.
_964606
901 _aBK
942 _cFOLL
942 _n0
949 _aFolleto 8455
_bBC
_cFOLL
_d-58434
_eTS1
_i25350
_si
949 _aFolleto 8455
_bBC
_cFOLL
_d-58435
_eTS2
_fc.2
_i25350
_si
949 _aFolleto 8455
_bBC
_cFOLL
_d-58437
_eTS2
_fc.3
_i25350
_si
999 _c20289
_d20289